00348 a2200145 4500001000700000003000400007005001700011008004100028082001400069100001500083245003800098260003100136300001000167653002500177067372OSt20211202113708.0  a546bD27I1 aDave, R.K.1 aInorganic chemistrycby R.K. Dave aJaipurbCampus Booksc2008 a403p. aChemistry, Inorganic